| 000 | 00705nam a2200205Ia 4500 | ||
|---|---|---|---|
| 003 | GCL | ||
| 008 | 140319s9999 xx 000 0 ara d | ||
| 040 |
_aGCL / _cGCL |
||
| 082 | 0 | 4 |
_aق _b364.1524 _bم ا |
| 100 | 1 | _aمحمود كامل العمروسى | |
| 245 | 1 | 0 |
_aاشهر قضايا الاغتيالات السياسية: وثائق اشهر قضايا مصر من سنة 1906 الى سنة 1982 / _cمحمود كامل العمروسى |
| 260 |
_a[S.N] : _bالزهراء للاعلام العربى ، _c1989 |
||
| 300 | _a653 ص | ||
| 490 | _a | ||
| 650 | 0 | 4 | _aمصر |
| 650 | 0 | 4 | _aالاغتيال |
| 650 | 0 | 4 | _aالجرائم السياسية |
| 650 | 0 | 4 | _aسياسة |
| 942 |
_2ddc _cBK |
||
| 999 |
_c52824 _d52824 |
||